[Event "Hoogeveen Essent Amateur"]
[Site "Hoogeveen"]
[Date "2001.10.19"]
[Round "8"]
[White "Ham, Jaap"]
[Black "Maliepaard, A."]
[Result "1-0"]
[WhiteElo "1763"]
[BlackElo "1634"]
[PlyCount "70"]
[EventDate "2001.10.12"]
[EventType "swiss"]
[EventRounds "9"]
[EventCountry "NED"]
[SourceTitle "EXT 2003"]
[Source "ChessBase"]
[SourceDate "2002.11.25"]
[SourceVersion "1"]
[SourceVersionDate "2002.11.25"]
[SourceQuality "1"]

1. e4 c6 2. d4 d5 3. exd5 cxd5 4. Bd3 Nc6 5. c3 Nf6 6. Bf4 g6 7. Nd2 Nh5 8. Be3 Ng7 9. Ngf3 Nf5 10. Bf4 Bg7 11. 0-0 h6 12. Nb3 Nd6 13. Re1 Kf8 14. Qc2 Bf5 15. Bxd6 Bxd3 16. Bxe7+ Nxe7 17. Qxd3 Bf6 18. Ne5 Kg7 19. Qb5 Qc7 20. Nc5 a6 21. Qd7 Qxd7 22. Nexd7 Nc6 23. Nxb7 Bg5 24. g3 Ra7 25. Nbc5 Nb8 26. Nb6 Rd8 27. Re5 Nd7 28. Nbxd7 Raxd7 29. Nxd7 Rxd7 30. Rae1 Bf6 31. Re8 g5 32. Ra8 Rd6 33. Rb8 Kg6 34. a4 g4 35. a5 Bg5 1-0